000 00993nam a22002297 4500
999 _c1527
_d1527
003 AR-BaISA
005 20231129151519.0
007 ta
008 231129s1988 sp ado|| |||| 001 0 spa d
020 _a8420006769
040 _bspa
_cAR-BaISA
082 0 4 _222
_a613.7 W89
100 1 _93246
_aWootton, Steve
245 1 0 _aNutrición y deporte /
_cSteve Wootton
260 _aZaragoza:
_bAcribia,
_c1988
300 _aXV, 236 p.:
_bil., fotos, gráfs., tablas
504 _aÍndice analítico p.: 231-236.
505 _tNutrición. Conceptos básicos --
_tDe alimento a energía --
_tDe energía a trabajo muscular --
_tNutrición y entrenamiento --
_tEl atleta y los líquidos --
_tNutrición y competición --
_tPerder y ganar peso --
_tVitaminas y minerales --
_tPíldoras, polvos y pociones --
_tConsejos nutricionales para grupos específicos de atletas --
_tDe la teoría a la práctica
650 1 0 _980
_aDeportes
_xnutrición
650 1 0 _980
_aDeportes
_xalimentación
942 _2ddc
_cLI
_e22